Problematika rozostavanosti v investičnej výstavbe záverečná práca postgraduálneho štúdia

Salvato in:
Dettagli Bibliografici
Autore principale: Koneracký, Milan
Ente Autore: Vysoká škola ekonomická v Bratislave
Altri autori: Buček, Milan
Natura: Libro
Lingua:slovacco
Pubblicazione: Bratislava 1987
Tags: Aggiungi Tag
Nessun Tag, puoi essere il primo ad aggiungerne!!

MARC

LEADER 00000nam a2200000 4500
001 c033245
005 20230116121629.3
041 0 |a slo 
044 |a SK 
245 1 0 |a Problematika rozostavanosti v investičnej výstavbe  |b záverečná práca postgraduálneho štúdia  |c Milan Koneracký ; Ved. práce Milan Buček 
264 1 |a Bratislava  |c 1987 
300 |a 57 s. 
100 1 |a Koneracký, Milan 
700 1 |a Buček, Milan 
710 2 |a Vysoká škola ekonomická v Bratislave